=LDR 00000nam 2200000 4500 =001 INLIS000000000010862 =005 20130612102454 =008 ***********************************Ind** =035 ##$$0010-061300000010862 =041 ##$$a Ind =082 ##$$a 530 =090 ##$$a 350, Sud a =100 ##$$a Sudoyo, Peter =245 ##$$a Asas-asas Ilmu Fisika. eter Soedoyo =260 ##$$a 1985 $b Yogyakarta =300 ##$$a ...Jil, ilus, 21 cm =650 ##$$a Fisika =850 ##$$a NBPNMAT